000
00253nam a22001097a 4500
008
170116b xxu||||| |||| 00| 0 eng d
020
_a
9780323066617
041
_a
eng
080
_2
8TH
_a
618.2
245
_a
MATERNITY NURSING
_c
LOWDERMILK
942
_2
udc
_c
BK
999
_c
2972
_d
2972